000 00446nam a2200157Ia 4500
003 GCL
008 140319s9999 xx 000 0 eng d
040 _aGCL /
_cGCL
082 0 4 _a770.28
_bB N
100 1 _aBLACKLOW, LAURA.
245 1 0 _aNEW DIMENSIONS IN PHOTO IMAGING: A STEP BY STEP MANUAL /
_cBLACKLOW, LAURA.
260 _a[S.N] :
_bFOCAL PRESS ،
_c1989
300 _a137
650 0 4 _aPHOTOGRAPHY - PRINTING PROCESSES
942 _2ddc
_cBK
999 _c17261
_d17261